Historia de Israel (Record no. 7099)
[ view plain ]
| 000 -LEADER | |
|---|---|
| campo de control de longitud fija | 00535ntaaa2200193 4500 |
| 003 - IDENTIFICADOR DE NÚMERO DE CONTROL | |
| campo de control | 01 |
| 005 - FECHA Y HORA DE LA ÚLTIMA TRANSACCIÓN | |
| campo de control | 20251027201254.0 |
| 008 - DATOS DE LONGITUD FIJA--INFORMACIÓN GENERAL | |
| campo de control de longitud fija | 0714s1973 ag 01 |
| 040 ## - FUENTE DE CATALOGACIÓN | |
| Centro catalogador/agencia de origen | AR-BaBN |
| Lengua de catalogación | spa |
| Centro/agencia transcriptor | AR-BaBN |
| Normas de descripción | aacr |
| Centro/agencia modificador | RIC |
| 082 ## - NÚMERO DE LA CLASIFICACIÓN DECIMAL DEWEY | |
| Número de clasificación | 220.9500 R35 |
| 100 ## - ENTRADA PRINCIPAL--NOMBRE DE PERSONA | |
| Nombre de persona | Ricciotti, José |
| 9 (RLIN) | 10885 |
| 245 ## - MENCIÓN DEL TÍTULO | |
| Título | Historia de Israel |
| 250 ## - MENCION DE EDICION | |
| Mención de edición | 1 ed. : |
| Resto de la mención de edición | Editorial Excelsa, |
| -- | c1946 |
| 300 ## - DESCRIPCIÓN FÍSICA | |
| Extensión | 2 tomos |
| 500 ## - NOTA GENERAL | |
| Nota general | "Historia de Israel desde los orígenes al año 135 después de Cristo" |
| 650 ## - PUNTO DE ACCESO ADICIONAL DE MATERIA--TÉRMINO DE MATERIA | |
| Término de materia o nombre geográfico como elemento de entrada | Biblia-Historia |
| 9 (RLIN) | 4093 |
| 650 ## - PUNTO DE ACCESO ADICIONAL DE MATERIA--TÉRMINO DE MATERIA | |
| Término de materia o nombre geográfico como elemento de entrada | Israel |
| 9 (RLIN) | 5923 |
| 942 ## - ELEMENTOS DE ENTRADA SECUNDARIOS (KOHA) | |
| Tipo de ítem Koha | Colección General |
| Estatus retirado | Estado de pérdida | Estado de daño | No para préstamo | Biblioteca de origen | Biblioteca actual | Fecha de adquisición | Número de inventario | Total de préstamos | Signatura topográfica completa | Código de barras | Visto por última vez | Precio de reemplazo | Tipo de ítem Koha |
|---|---|---|---|---|---|---|---|---|---|---|---|---|---|
| Biblioteca Pluis | Biblioteca Pluis | 27/10/2025 | 03709 | 220.9500 R35 | 03709 | 27/10/2025 | 27/10/2025 | Colección General | |||||
| Biblioteca Pluis | Biblioteca Pluis | 27/10/2025 | 05338 | 05338 | 27/10/2025 | 27/10/2025 | Colección General | ||||||
| Biblioteca Pluis | Biblioteca Pluis | 27/10/2025 | 05804 | 05804 | 27/10/2025 | 27/10/2025 | Colección General | ||||||
| Biblioteca Pluis | Biblioteca Pluis | 27/10/2025 | 05805 | 05805 | 27/10/2025 | 27/10/2025 | Colección General | ||||||
| Biblioteca Pluis | Biblioteca Pluis | 27/10/2025 | 05806 | 05806 | 27/10/2025 | 27/10/2025 | Colección General | ||||||
| Biblioteca Pluis | Biblioteca Pluis | 27/10/2025 | 07595 | 07595 | 27/10/2025 | 27/10/2025 | Colección General | ||||||
| Biblioteca Pluis | Biblioteca Pluis | 27/10/2025 | 03710 | 03710 | 27/10/2025 | 27/10/2025 | Colección General | ||||||
| Biblioteca Pluis | Biblioteca Pluis | 27/10/2025 | 05339 | 05339 | 27/10/2025 | 27/10/2025 | Colección General | ||||||
| Biblioteca Pluis | Biblioteca Pluis | 27/10/2025 | 05807 | 05807 | 27/10/2025 | 27/10/2025 | Colección General | ||||||
| Biblioteca Pluis | Biblioteca Pluis | 27/10/2025 | 05808 | 05808 | 27/10/2025 | 27/10/2025 | Colección General | ||||||
| Biblioteca Pluis | Biblioteca Pluis | 27/10/2025 | 05809 | 05809 | 27/10/2025 | 27/10/2025 | Colección General | ||||||
| Biblioteca Pluis | Biblioteca Pluis | 27/10/2025 | 07596 | 07596 | 27/10/2025 | 27/10/2025 | Colección General | ||||||
| Biblioteca Pluis | Biblioteca Pluis | 27/10/2025 | 09891 | 09891 | 27/10/2025 | 27/10/2025 | Colección General | ||||||
| Biblioteca Pluis | Biblioteca Pluis | 27/10/2025 | 09893 | 09893 | 27/10/2025 | 27/10/2025 | Colección General | ||||||
| Biblioteca Pluis | Biblioteca Pluis | 27/10/2025 | 09892 | 09892 | 27/10/2025 | 27/10/2025 | Colección General | ||||||
| Biblioteca Pluis | Biblioteca Pluis | 27/10/2025 | 09894 | 09894 | 27/10/2025 | 27/10/2025 | Colección General |
